Movies Quiz

Random Movies or Actor Quiz

AFI's 100 Years...100 Passions Quiz Stats

 Plays Quiz Updated Nov 23, 2016

Also try: Love Triangles
Challenge
Share
Tweet
Embed
Score 0/100 Timer 12:00
1 Play Today
Rank Movie % Correct
1Casablanca
95.7%
2Gone with the Wind
93%
37Titanic
87.4%
45Sleepless in Seattle
79.6%
19Ghost
79%
11Annie Hall
78.9%
21Pretty Woman
78.9%
24King Kong
75.8%
25When Harry Met Sally
74.6%
93Dirty Dancing
73.4%
97Grease
72.8%
27The Sound of Music
71.5%
17Moonstruck
65.4%
9Love Story
65%
31The King and I
64%
50Shakespeare in Love
63.9%
12My Fair Lady
63%
61Breakfast at Tiffany's
62.5%
8It's a Wonderful Life
61.5%
100Jerry Maguire
60.5%
14The African Queen
59.3%
29An Officer and a Gentleman
58.9%
3West Side Story
58.5%
16Singin' in the Rain
58%
4Roman Holiday
56.8%
52The Graduate
55.5%
22On Golden Pond
55.2%
65Bonnie and Clyde
53.7%
13Out of Africa
53.2%
88The Princess Bride
53.2%
7Doctor Zhivago
52.6%
6The Way We Were
51.7%
18Vertigo
50.6%
58Guess Who's Coming to Dinner
49.8%
Rank Movie % Correct
56The English Patient
49.7%
41Funny Girl
48.6%
38It Happened One Night
46.1%
90The Bridges of Madison County
45.7%
34Beauty and the Beast
44.5%
44The Philadelphia Story
44.4%
20From Here to Eternity
44.3%
72Roxanne
43.7%
91Working Girl
42.5%
82Witness
42.2%
62The Apartment
41.9%
54Sabrina
40.8%
67A Streetcar Named Desire
39.2%
66Manhattan
38.1%
75The American President
37.1%
39An American in Paris
36.6%
35Gigi
35.4%
10City Lights
35.2%
43A Star Is Born
34.5%
5An Affair to Remember
34.3%
51Bringing Up Baby
34.2%
55Reds
33.4%
48Last Tango in Paris
33.3%
81The Goodbye Girl
31.7%
64Marty
31.5%
78Coming Home
31%
70Sense and Sensibility
30.3%
69Harold and Maude
29.4%
99Pillow Talk
29.1%
94Body Heat
27.2%
84Double Indemnity
26.4%
89Who's Afraid of Virginia Woolf?
24.6%
76The Quiet Man
24.4%
47Splendor in the Grass
24%
Rank Movie % Correct
46To Catch a Thief
24%
15Wuthering Heights
23.3%
95Lady and the Tramp
21%
68What's Up Doc?
20.5%
86Notorious
19.9%
60To Have and Have Not
19.6%
96Barefoot in the Park
17.5%
23Now, Voyager
17.5%
40Ninotchka
16.8%
79Jezebel
15.5%
49The Postman Always Rings Twice
14.8%
30Swing Time
14.6%
53A Place in the Sun
14.5%
74Woman of the Year
13.6%
28The Shop Around the Corner
13.5%
26The Lady Eve
13.1%
80The Sheik
12.7%
59Picnic
11.2%
98The Hunchback of Notre Dame
11.1%
57Two for the Road
11%
33Camille
10.6%
32Dark Victory
10.2%
73The Ghost and Mrs. Muir
10%
87The Unbearable Lightness of Being
9.9%
77The Awful Truth
9.5%
92Porgy and Bess
8.2%
63Sunrise
8.2%
42Anna Karenina
8.1%
36Random Harvest
7.9%
85Love Is a Many Splendored Thing
7.9%
83Morocco
5.9%
71Way Down East
4.3%

You're not logged in!

Compare scores with friends on all Sporcle quizzes.
OR
Log In

You Might Also Like...

Show Comments

Extras

Top Quizzes Today


Score Distribution

Your Account Isn't Verified!

In order to create a playlist on Sporcle, you need to verify the email address you used during registration. Go to your Sporcle Settings to finish the process.

Report this User

Report this user for behavior that violates our Community Guidelines.

Details: